Public enterprise in Japan

Saved in:
Bibliographic Details
Main Author: Yoshitake, Kiyohiko
Format: Book
Language:Undetermined
Published: Japan Nippon Hyoron Sha 1973
Subjects:
Tags: Add Tag
No Tags, Be the first to tag this record!
Institutions: Trung tâm Học liệu Trường Đại học Cần Thơ
LEADER 00484nam a2200181Ia 4500
001 CTU_87836
008 210402s9999 xx 000 0 und d
082 |a 658 
082 |b Y61 
100 |a Yoshitake, Kiyohiko 
245 0 |a Public enterprise in Japan 
245 0 |c Kiyohiko Yoshitake 
260 |a Japan 
260 |b Nippon Hyoron Sha 
260 |c 1973 
650 |a Enterprise in japan 
904 |i Trọng Hiếu 
980 |a Trung tâm Học liệu Trường Đại học Cần Thơ